| Поле | Название | Значение |
| |
Тип записи |
c |
| |
Библиографический уровень |
m |
| 001 |
Контрольный номер |
RU/УОНБ/EK_N/665939739 |
| 005 |
Дата корректировки |
20250520131126.9 |
| 010 |
Индекс ISBN |
__ |
| 9 |
Тираж |
285000 экз. |
| 013 |
Номер (ISMN) |
__ |
| d |
Цена |
45 к. |
| 071 |
Издательские номер (звукозапись и ноты) |
21 |
| a |
Номер, присвоенный агентством |
982 |
| 100 |
Данные общей обработки |
__ |
| a |
Данные общей обработки |
20210206d1982 u y0rusy0189||||ca |
| 101 |
Язык документа |
0_ |
| a |
Язык текста |
rus |
| f |
Язык титульного листа |
rus |
| 102 |
Страна публикации |
__ |
| a |
Страна публикации |
RU |
| 105 |
Кодированные данные (монография) |
__ |
| a |
Кодированные данные (монография) |
y###||||000|y |
| 125 |
Кодированные данные звукозаписи и нотных изданий |
__ |
| a |
Форма изложения нотного текста |
z| |
| 128 |
Кодированные данные (звукозаписи-физические характеристики) |
__ |
| a |
Кодированные данные: Музыкальная форма и тональность или лад |
ccn |
| b |
Инструменты или голоса, необходимые для ансамблей (устаревшее) |
cu|| |
| c |
Инструменты или голоса, рекомендуемые для солистов (устаревшее) |
vu|| |
| 200 |
Заглавие и сведения об ответственности |
1_ |
| a |
Заглавие |
Песни страны Советов |
| b |
Общее обозначение материала |
Ноты |
| e |
Сведения, относящиеся к заглавию |
песенник |
| e |
Сведения, относящиеся к заглавию |
[с букв.-цифровым обозначением сопровожд.] |
| f |
Первые сведения об ответственности |
сост. Е. Сироткин |
| 210 |
Выходные данные |
1_ |
| a |
Место издания |
Ленинград |
| c |
Издательство |
Советский композитор |
| d |
Дата издания |
1982 |
| 215 |
Физическое описание |
__ |
| a |
Объем |
46 с. |
| d |
Формат |
29 см |
| 327 |
Примечание о содержании |
11 |
| a |
Примечание о содержании |
Содерж. : Дунаевский И. Песня о Родине : из кф. "Цирк" / сл. В. Лебедева-Кумача. - Блантер М. Катюша / сл. М. Исаковского. - Александров А. Священная война / сл. В. Лебедева-Кумача. - Баснер В. На безымянной высоте : из кф. "Тишина" / сл. М. Матусовского. - Лученок И. Память сердца / сл. М. Ясеня. - Колмановский Э. Алёша / сл. К. Ваншенкина. - Фрадкин М. За того парня : из кф. Минута молчания / сл. Р. Рождественского. - Окуджава Б. Нам нужна одна победа : из кф. "Белорусский вокзал" / муз. и сл. Б. Окуджавы. - Тухманов Д. День Победы / сл. В. Харитонова. - Соловьев-Седой В. Подмосковные вечера : из кф. "В дни спартакиады" / сл. М. Матусовского ; Наш город / сл. А. Фатьянова. - Птичкин Е. Я люблю свою землю / сл. В. Харитонова. - Баснер В., Петров А. Мир всем, кто трудится / сл. М. Матусовского. - Петров А. Я шагаю по Москве : из кф. "Я шагаю по Москве" / сл. Г. Шпаликова. - Дога Е. Песня о моем городе : из тф. "Кишинев, Кишинев" / сл. Г. Водэ. - Шамо И. Украина, любовь моя / сл. Д. Луценко. - Колкер А. Карелия / сл. К. Рыжова. - Эшпай А. Йошкар-Ола / сл. Л. Дербенева. - Лагидзе Р. Песня о Тбилиси / сл. П. Грузинского. - Бабаджанян А. Песня о песне / сл. Н. Олева. - Паулс Р. Синий лён / сл. А. Круклиса. - Хачатурян К. Золотая Фергана / сл. С. Орлова. - Арро Э. Таллин - город родной / сл. О. Роотса. - Кулиев Т. Песня о Баку : из кф "Телефонистка" / сл. В. Кафарова. - Крылатов Е. Вильнюс / сл. И. Суслова. - Фаттах А. Хороши вечера на Оби / сл. В. Семернина. - Сахибов Ш. Хлопкоробы поют / сл. Фархата. - Малдыбаев А. Песня девушки / сл. К. Маликова. - Шостакович Д. Родина слышит / сл. Е. Долматовского. |
| 464 |
Аналитический уровень |
_0 |
| 1 |
|
2001 |
| a |
|
Песня о Родине |
| e |
|
Широка страна моя родная... |
| e |
|
из кф. "Цирк" |
| 1 |
|
700 1 |
| a |
|
Дунаевский |
| b |
|
И. |
| 1 |
|
702 1 |
| a |
|
Лебедев-Кумач |
| b |
|
В. |
| 4 |
|
520 |
| 1 |
|
50010 |
| a |
|
Цирк |
| 464 |
Аналитический уровень |
_0 |
| 1 |
|
2001 |
| a |
|
Катюша |
| e |
|
Расцветали яблони и груши... |
| 1 |
|
700 1 |
| a |
|
Блантер |
| b |
|
М. |
| 1 |
|
702 1 |
| a |
|
Исаковский |
| b |
|
М. |
| 4 |
|
520 |
| 464 |
Аналитический уровень |
_0 |
| 1 |
|
2001 |
| a |
|
Священная война |
| e |
|
Вставай, страна огромная... |
| 1 |
|
700 1 |
| a |
|
Александров |
| b |
|
А. |
| 1 |
|
702 1 |
| a |
|
Лебедев-Кумач |
| b |
|
В. |
| 4 |
|
520 |
| 464 |
Аналитический уровень |
_0 |
| 1 |
|
2001 |
| a |
|
На безымянной высоте |
| e |
|
Дымилась роща под горою... |
| e |
|
из кф. "Тишина" |
| 1 |
|
700 1 |
| a |
|
Баснер |
| b |
|
В. |
| 1 |
|
702 1 |
| a |
|
Матусовский |
| b |
|
М. |
| 4 |
|
520 |
| 1 |
|
50010 |
| a |
|
Тишина |
| 464 |
Аналитический уровень |
_0 |
| 1 |
|
2001 |
| a |
|
Память сердца |
| e |
|
Когда ночь город обнимает... |
| 1 |
|
700 1 |
| a |
|
Лученок |
| b |
|
И. |
| 1 |
|
702 1 |
| a |
|
Ясень |
| b |
|
М. |
| 4 |
|
520 |
| 464 |
Аналитический уровень |
_0 |
| 1 |
|
2001 |
| a |
|
Алёша |
| e |
|
Белеет ли в поле пороша... |
| 1 |
|
700 1 |
| a |
|
Колмановский |
| b |
|
Э. |
| 1 |
|
702 1 |
| a |
|
Ваншенкин |
| b |
|
К. |
| 4 |
|
520 |
| 464 |
Аналитический уровень |
_0 |
| 1 |
|
2001 |
| a |
|
За того парня |
| e |
|
Я сегодня до зари встану... |
| e |
|
из кф. "Минута молчания" |
| 1 |
|
700 1 |
| a |
|
Фрадкин |
| b |
|
М. |
| 1 |
|
702 1 |
| a |
|
Рождественский |
| b |
|
Р. |
| 4 |
|
520 |
| 1 |
|
50010 |
| a |
|
Минута молчания |
| 464 |
Аналитический уровень |
_0 |
| 1 |
|
2001 |
| a |
|
Нам нужна одна победа |
| e |
|
Здесь птицы не поют... |
| e |
|
из кф. "Белорусский вокзал" |
| 1 |
|
700 1 |
| a |
|
Окуджава |
| b |
|
Б. |
| 1 |
|
702 1 |
| a |
|
Окуджава |
| b |
|
Б. |
| 4 |
|
520 |
| 1 |
|
50010 |
| a |
|
Белорусский вокзал |
| 464 |
Аналитический уровень |
_0 |
| 1 |
|
2001 |
| a |
|
День Победы |
| e |
|
День Победы, как он был от нас далек... |
| 1 |
|
700 1 |
| a |
|
Тухманов |
| b |
|
Д. |
| 1 |
|
702 |
| a |
|
Харитонов |
| b |
|
В. |
| 4 |
|
520 |
| 464 |
Аналитический уровень |
_0 |
| 1 |
|
2001 |
| a |
|
Подмосковные вечера |
| e |
|
Не слышны в саду даже шорохи... |
| e |
|
из кф. "В дни спартакиады" |
| 1 |
|
700 1 |
| a |
|
Соловьев-Седой |
| b |
|
В. |
| 1 |
|
702 1 |
| a |
|
Матусовский |
| b |
|
М. |
| 4 |
|
520 |
| 1 |
|
50010 |
| a |
|
В дни спартакиады |
| 464 |
Аналитический уровень |
_0 |
| 1 |
|
2001 |
| a |
|
Я люблю свою землю |
| e |
|
Над колхозным над полем... |
| 1 |
|
700 1 |
| a |
|
Птичкин |
| b |
|
Е. |
| 1 |
|
702 1 |
| a |
|
Харитонов |
| b |
|
В. |
| 4 |
|
520 |
| 464 |
Аналитический уровень |
_0 |
| 1 |
|
2001 |
| a |
|
Мир всем, кто трудится |
| e |
|
Пусть будет счастлив тот... |
| 1 |
|
700 1 |
| a |
|
Баснер |
| b |
|
В. |
| 1 |
|
700 1 |
| a |
|
Петров |
| b |
|
А. |
| 1 |
|
702 1 |
| a |
|
Матусовский |
| b |
|
М. |
| 4 |
|
520 |
| 464 |
Аналитический уровень |
_0 |
| 1 |
|
2001 |
| a |
|
Я шагаю по Москве |
| e |
|
Бывает все на свете хорошо... |
| e |
|
из кф. "Я шагаю по Москве" |
| 1 |
|
700 1 |
| a |
|
Петров |
| b |
|
А. |
| 1 |
|
702 1 |
| a |
|
Шпаликов |
| b |
|
Г. |
| 4 |
|
520 |
| 1 |
|
50010 |
| a |
|
Я шагаю по Москве |
| 464 |
Аналитический уровень |
_0 |
| 1 |
|
2001 |
| a |
|
Песня о моем городе |
| e |
|
Мой белый город, ты цветок из камня... |
| e |
|
из тф. "Кишинев, Кишинев" |
| 1 |
|
700 1 |
| a |
|
Дога |
| b |
|
Е. |
| 1 |
|
702 1 |
| a |
|
Водэ |
| b |
|
Г. |
| 4 |
|
520 |
| 1 |
|
50010 |
| a |
|
Кишинев, Кишинев |
| 464 |
Аналитический уровень |
_0 |
| 1 |
|
2001 |
| a |
|
Украина, любовь моя |
| e |
|
Как не любить тебя, Украина... |
| 1 |
|
700 1 |
| a |
|
Шамо |
| b |
|
И. |
| 1 |
|
702 1 |
| a |
|
Луценко |
| b |
|
Д. |
| 4 |
|
520 |
| 464 |
Аналитический уровень |
_0 |
| 1 |
|
2001 |
| a |
|
Карелия |
| e |
|
В разных краях... |
| 1 |
|
700 1 |
| a |
|
Колкер |
| b |
|
А. |
| 1 |
|
702 1 |
| a |
|
Рыжов |
| b |
|
К. |
| 4 |
|
520 |
| 464 |
Аналитический уровень |
_0 |
| 1 |
|
2001 |
| a |
|
Йошкар-Ола |
| e |
|
На земле не счесть... |
| 1 |
|
700 1 |
| a |
|
Эшпай |
| b |
|
А. |
| 1 |
|
702 1 |
| a |
|
Дербенев |
| b |
|
Л. |
| 4 |
|
520 |
| 464 |
Аналитический уровень |
_0 |
| 1 |
|
2001 |
| a |
|
Песня о Тбилиси |
| e |
|
Какой лазурный небосвод... |
| 1 |
|
700 1 |
| a |
|
Лагидзе |
| b |
|
Р. |
| 1 |
|
702 1 |
| a |
|
Грузинский |
| b |
|
П. |
| 4 |
|
520 |
| 464 |
Аналитический уровень |
_0 |
| 1 |
|
2001 |
| a |
|
Песня о песне |
| e |
|
Кто-то придумал простые слова... |
| 1 |
|
700 1 |
| a |
|
Бабаджанян |
| b |
|
А. |
| 1 |
|
702 1 |
| a |
|
Олев |
| b |
|
Н. |
| 4 |
|
520 |
| 464 |
Аналитический уровень |
_0 |
| 1 |
|
2001 |
| a |
|
Синий лён |
| e |
|
Ходят волны на просторе... |
| 1 |
|
700 1 |
| a |
|
Паулс |
| b |
|
Р. |
| 1 |
|
702 1 |
| a |
|
Круклис |
| b |
|
А. |
| 4 |
|
520 |
| 464 |
Аналитический уровень |
_0 |
| 1 |
|
2001 |
| a |
|
Золотая Фергана |
| e |
|
Из долины Арарата... |
| 1 |
|
700 1 |
| a |
|
Хачатурян |
| b |
|
К. |
| 1 |
|
702 1 |
| a |
|
Орлов |
| b |
|
С. |
| 4 |
|
520 |
| 464 |
Аналитический уровень |
_0 |
| 1 |
|
2001 |
| a |
|
Таллин - город родной |
| e |
|
Звезд золотистых мерцающий рой... |
| 1 |
|
700 1 |
| a |
|
Арро |
| b |
|
Э. |
| 1 |
|
702 1 |
| a |
|
Роотс |
| b |
|
О. |
| 4 |
|
520 |
| 464 |
Аналитический уровень |
_0 |
| 1 |
|
2001 |
| a |
|
Песня о Баку |
| e |
|
Гордо стоишь ты на морском берегу... |
| e |
|
из кф "Телефонистка" |
| 1 |
|
700 1 |
| a |
|
Кулиев |
| b |
|
Т. |
| 1 |
|
702 1 |
| a |
|
Кафаров |
| b |
|
В. |
| 4 |
|
520 |
| 1 |
|
50010 |
| a |
|
Телефонистка |
| 464 |
Аналитический уровень |
_0 |
| 1 |
|
2001 |
| a |
|
Вильнюс |
| e |
|
Огнями мой город расцвечен... |
| 1 |
|
700 1 |
| a |
|
Крылатов |
| b |
|
Е. |
| 1 |
|
702 1 |
| a |
|
Суслов |
| b |
|
И. |
| 4 |
|
520 |
| 464 |
Аналитический уровень |
_0 |
| 1 |
|
2001 |
| a |
|
Хороши вечера на Оби |
| e |
|
Хороши вечера на Оби!.. |
| 1 |
|
700 1 |
| a |
|
Фаттах |
| b |
|
А. |
| 1 |
|
702 1 |
| a |
|
Семернин |
| b |
|
В. |
| 4 |
|
520 |
| 464 |
Аналитический уровень |
_0 |
| 1 |
|
2001 |
| a |
|
Хлопкоробы поют |
| e |
|
Золотое солнце глянет над горой... |
| 1 |
|
700 1 |
| a |
|
Сахибов |
| b |
|
Ш. |
| 1 |
|
702 1 |
| a |
|
Фархат |
| 4 |
|
520 |
| 464 |
Аналитический уровень |
_0 |
| 1 |
|
2001 |
| a |
|
Песня девушки |
| e |
|
Как хороша наша земля... |
| 1 |
|
700 1 |
| a |
|
Малдыбаев |
| b |
|
А. |
| 1 |
|
702 1 |
| a |
|
Маликов |
| b |
|
К. |
| 4 |
|
520 |
| 464 |
Аналитический уровень |
_0 |
| 1 |
|
2001 |
| a |
|
Родина слышит |
| e |
|
Родина слышит, Родина знает... |
| 1 |
|
700 1 |
| a |
|
Шостакович |
| b |
|
Д. |
| 1 |
|
702 1 |
| a |
|
Долматовский |
| b |
|
Е. |
| 4 |
|
520 |
| 464 |
Аналитический уровень |
_0 |
| 1 |
|
2001 |
| a |
|
Наш город |
| e |
|
За заставами ленинградскими... |
| 1 |
|
700 1 |
| a |
|
Соловьев-Седой |
| b |
|
В. |
| 1 |
|
702 1 |
| a |
|
Фатьянов |
| b |
|
А. |
| 4 |
|
520 |
| 512 |
Заглавие обложки |
1_ |
| a |
Заглавие обложки |
Песни страны Советов |
| 606 |
Тематические рубрики |
0_ |
| a |
Основная рубрика |
Песни советских композиторов |
| x |
Основная подрубрика |
Лирические песни |
| x |
Основная подрубрика |
Песенники |
| x |
Основная подрубрика |
Песни о Родине |
| x |
Основная подрубрика |
Патриотические песни |
| 610 |
Ключевые слова |
0_ |
| a |
Ключевые слова |
песенники |
| 610 |
Ключевые слова |
0_ |
| a |
Ключевые слова |
песни советских композиторов |
| 610 |
Ключевые слова |
0_ |
| a |
Ключевые слова |
патриотические песни |
| 610 |
Ключевые слова |
0_ |
| a |
Ключевые слова |
песни о Родине |
| 610 |
Ключевые слова |
0_ |
| a |
Ключевые слова |
лирические песни |
| 686 |
Индексы других классификаций |
__ |
| a |
Классификационный индекс |
85.94-99-041(2)я438 |
| 2 |
Код системы |
rubbk |
| 702 |
Вторичная интеллектуальная ответственность |
_1 |
| a |
Фамилия |
Сироткин |
| b |
Имя (инициалы) |
Е. |
| 4 |
Код отношения |
220 |
| 801 |
Источник записи |
_0 |
| a |
Страна |
RU |
| b |
Организация |
Ульяновская ОНБ |
| c |
Дата составления |
20210206 |
| g |
Правила каталогизации |
RCR |
| 801 |
Источник записи |
_1 |
| a |
Страна |
RU |
| b |
Организация |
Ульяновская ОНБ |
| c |
Дата составления |
20210206 |
| g |
Правила каталогизации |
RCR |
| 901 |
Тип документа |
__ |
| t |
Тип документа |
m |
| 909 |
Создатель записи |
__ |
| a |
Создатель записи |
Никитина Т. А. |
| 938 |
Служебная информация |
__ |
| a |
Имя БД |
noti |
| b |
Имя библиотеки |
УОНБ |
| c |
Имя АИБС |
МАРК-SQL |
| d |
Номер DOC_ID в БД |
23354 |